Регионална библиотека "Любен Каравелов" - Русе

Разделно хранене (Запис номер 67901)

MARC детайли
000 -Лидер
Контролно поле с фиксирана дължина 01988nam a2200433 c 4500
003 - Код на организацията, давaща контролен номер
Контролно поле BLK
005 - Дата и час на последна редакция
Контролно поле 20180422102936.0
008 - Елементи от данни с фиксирана дължина
fixed length control field 180408b bul|||||r ||||||| ||bul||
010 ## - Наследен системен номер
LC control number KNG00072215000
020 ## - Международен стандартен номер на книга ISBN
Международен стандартен номер на книга ISBN 954-792-048-0
-- издат.: СКОРПИО ви
040 ## - Източник на каталожния запис
Идентификатор на билиотеката - собственик на записа BLK
041 ## - Код за език
Код за езика на текст/звукозапис или на отделно заглавие Български
Код за езика КДБФ Български
072 #7 - Код за тематичната категория
Код организация bullib
Код за тематична категория Л04
Текст Лечебно хранене
080 ## - УДК
Текстов определител УДК Хигиена на храненето. Режим на храненето. Вж и 612.39 ; 614.3 ; 615.874 ; 641
УДК код - определител по УДК 613.2
УДК определител
УДК - код + определител 613.2
080 ## - УДК
Текстов определител УДК Диетотерапия. Усилено и органично хранене, диети, богати на тлъстини, на минерали и др.
УДК код - определител по УДК 615.874
УДК определител
УДК - код + определител 615.874
080 ## - УДК
Текстов определител УДК Диетично хранене за здрави хора
УДК код - определител по УДК 641.561
УДК определител
УДК - код + определител 641.561
100 1# - Редна дума - Автор
Автор Радев, Радослав Радев
Авторска отговорност първи автор
R(LIN) 292397
139 ## - Редно поле
Редна дума Радев, Радослав Радев и др.
Авторски знак Рад - Р 12
245 10 - Сведения за заглавието
Заглавие Разделно хранене
Редно поле (дума) Радослав Радев Радев; съавт. Румяна Цанкова.
257 ## - Страна на издаване
Страна на създаване/издаване България
260 ## - Област на издателските данни
-- София
Име на издателя, разпространителя и проч. СКОРПИО ви
Година на издаване 2004
300 ## - Физическа характеристика
Страници 160 с. х
Илюстрации и др. с табл., сх.
Размери/Мащаб 24 см
Съпровождащи материали Съвместимост на храните (1 л. ; 42Х30 см)
380 ## - Жанр
Жанр Медицина
490 1# - СЕРИИ (Колекции)
Име на серия Поредица Здраве, дълголетие, естествено оздравяване
500 ## - Общи забележки
Забележка В кн. означено 3. изд.
650 #4 - Допълнително описание по предмет – тема
Основно описание – тема или топоним Хранене - хигиена
9 (RLIN) 244313
650 #4 - Допълнително описание по предмет – тема
Основно описание – тема или топоним Лечебно хранене
9 (RLIN) 244312
650 #4 - Допълнително описание по предмет – тема
Основно описание – тема или топоним Готварство - рецепти
9 (RLIN) 241856
653 ## - Ключова дума – ненормативна
Ключова дума диетология
653 ## - Ключова дума – ненормативна
Ключова дума разделно хранене
653 ## - Ключова дума – ненормативна
Ключова дума хигиена на храненето
659 ## - Тематичен бюлетин
Тематичен бюлетин Л
700 1# - Други автори (авторска отговорност)
Лично име Цанкова, Румяна
Автороска отговорност (Описва отношението между автора и произведението) съавт.
9 (RLIN) 370524
852 ## - Местоположение
Форматна сигнатура Цб 231870
856 4# - Електронен адрес и достъп
Електронен формат pdf - файл
Път до файла /url/
856 4# - Електронен адрес и достъп
Електронен формат pdf - файл
Път до файла /url/
942 ## - АРТИКУЛИ
Вид на библиотечния материал Книги
Скрит в OPAC Не
944 ## - СЪЗДАВАНЕ И РЕДАКЦИЯ на ЗАПИСА
Създаване/Редакция Създаване
Дата на регистрацията/редакция 26.02.2007
Служител, извършил регистрацията/редакцията Геновева_Генчева
944 ## - СЪЗДАВАНЕ И РЕДАКЦИЯ на ЗАПИСА
Създаване/Редакция Редакция
Дата на регистрацията/редакция 06.03.2007
Служител, извършил регистрацията/редакцията
999 ## - СИСТЕМНИ КОНТРОЛНИ НОМЕРА
Koha biblionumber 67901
Koha biblioitemnumber 67901
Наличности
Код за отписване Код за изгубен артикул Код за повреда Коз за рестрикции Код за отдаване Артикулен № Име на библиотеката - собственик Име на библиотеката, в която се намира в момента Статус (Текущо местоположение) Дата на вписване в системата Местоположение - отдел Цена в лева Инвентарен номер Систематично азбучна сигнатура Баркод Номер на екземпляра Цена в евро Служебна бележка Служебен тип на артикула
  Не е изгубен Не е повреден без рестрикции ползва се в читалня 111949 Регионална библиотека "Любен Каравелов" Русе Регионална библиотека "Любен Каравелов" Русе Хранилище 2007-02-27 Хранилище 6.99 120000710449 Цб 231870 120000710449 1 3.57 Дост: Dp Вид: Д N: 21 Дата: 03.05.2006 Книги
Vip Innovations Ltd, Rousse, Bulgaria 2025